000 00679nam a2200217 a 4500
001 BRCA_1924
005 20190320203614.0
008 860128s1986 nyua---##b---#001-0#eng-d
020 _a0816012253
040 _aDLC
_cDLC
_dDLC
050 4 _aNK3920
_b.C36 1986
100 1 _aCameron, Elisabeth
_95929
245 1 0 _aEncyclopedia of Pottery & Porcelain, 1800-1960
_cElisabeth Cameron.
260 _aNew York
_bFacts on File Publications
_c1986
300 _a366 p.
_bil.
_c27 cm.
504 _aBibliografĂ­a : p. [367-379]
650 1 4 _aCerámica
_vDiccionarios
_ySiglo XIX y XX
_95930
650 1 4 _aPorcelana
_vDiccionarios
_ySiglo XIX y XX
_95931
902 _aREF
942 _2lcc
_cB
999 _c1696
_d1696